书目信息 |
| 题名: |
化工单元操作与设备
|
|
| 作者: | 薛雪 , 吕利霞 , 汪武 主编 | |
| 分册: | ||
| 出版信息: | 北京 化学工业出版社 2016.5 |
|
| 页数: | 255页 | |
| 开本: | 26cm | |
| 丛书名: | ||
| 单 册: | ||
| 中图分类: | TQ02 , TQ05 | |
| 科图分类: | ||
| 主题词: | 化工单元操作--高等教育--教材 , 化工设备--高等教育--教材 , 化工单元操作 , 化工设备 | |
| 电子资源: | ||
| ISBN: | 978-7-122-05906-2 | |
| 000 | 01038nam0 2200313 450 | |
| 001 | 0400003903 | |
| 005 | 20171022190334.0 | |
| 010 | @a978-7-122-05906-2@dCNY30.00 | |
| 100 | @a20171022d2016 em y0chiy ea | |
| 101 | 0 | @achi |
| 102 | @aCN@b110000 | |
| 105 | @aa z 000yy | |
| 106 | @ar | |
| 200 | 1 | @a化工单元操作与设备@9hua gong dan yuan cao zuo yu she bei@f薛雪,吕利霞,汪武主编 |
| 210 | @a北京@c化学工业出版社@d2016.5 | |
| 215 | @a255页@c图@d26cm | |
| 300 | @a高职高专“十一五”规划教材 | |
| 330 | @a本书精选了典型的化工单元操作过程作为主要内容,包括流体流动、流体输送、传热、蒸发、非均相分离、吸收、蒸馏、干燥,共八个单元。 | |
| 606 | 0 | @a化工单元操作@x高等教育@j教材 |
| 606 | 0 | @a化工设备@x高等教育@j教材 |
| 606 | 0 | @a化工单元操作 |
| 606 | 0 | @a化工设备 |
| 690 | @aTQ02@v4 | |
| 690 | @aTQ05@v4 | |
| 701 | 0 | @a薛雪@9xue xue@c(高校教师)@4主编 |
| 701 | 0 | @a吕利霞@9lv li xia@c(职业教育)@4主编 |
| 701 | 0 | @a汪武@9wang wu@c(化工)@4主编 |
| 801 | 0 | @aCN@b91MARC@c20171022 |
| 905 | @b1036546-50@dTQ02@f5@e438 | |
| 化工单元操作与设备/薛雪,吕利霞,汪武主编.-北京:化学工业出版社,2016.5 |
| 255页:图;26cm |
| 高职高专“十一五”规划教材 |
| ISBN 978-7-122-05906-2:CNY30.00 |
| 本书精选了典型的化工单元操作过程作为主要内容,包括流体流动、流体输送、传热、蒸发、非均相分离、吸收、蒸馏、干燥,共八个单元。 |
| ● |
| 相关链接 |
|
|
|
|
正题名:化工单元操作与设备
索取号:TQ02/438
 
预约/预借
| 序号 | 登录号 | 条形码 | 馆藏地/架位号 | 状态 | 备注 |
| 1 | 1036546 | 210365460 | 第二样本阅览室/ [索取号:TQ02/438] | 在馆 | |
| 2 | 1036547 | 210365479 | 第三借阅区/ [索取号:TQ02/438] | 在馆 | |
| 3 | 1036548 | 210365488 | 第三借阅区/ [索取号:TQ02/438] | 在馆 | |
| 4 | 1036549 | 210365497 | 第三借阅区/ [索取号:TQ02/438] | 在馆 | |
| 5 | 1036550 | 210365503 | 密集书库-化学系/ [索取号:TQ02/438] | 在馆 |